Culture générale #1 - Statistiques

Statistiques générales
  • Ce quiz a été pris 86 fois
  • Le résultat moyen est 11 sur 20
Statistiques - réponses
Questions Réponses % Correct
Quel pays a remporté la coupe du Monde de football en 2014 ? Allemagne
82%
Quel est le nom du célèbre discours prononcé par Martin Luther King Jr ? I have a dream
82%
En quelle année a été sacré Charlemagne ? 800
81%
Quel pays est entièrement enclavé en Afrique du Sud ? Lesotho
77%
Combien de temps a duré la guerre de 100 ans ? 116
72%
Quel est le premier film d'animation de Walt Disney ? Blanche-Neige
72%
Qui est l'acteur principale du film Le Comte de Monte-Cristo réalisé par Alexandre de La Patellière et Matthieu Delaporte ? Pierre Niney
68%
En quelle année la peine de mort a-t-elle été abolie en France ? 1981
66%
Quelle artiste, peintre Mexicaine est célèbre pour ses autoportraits ? Frida Kahlo
57%
Quel est le nom grec de Hercule ? Héraclès
55%
En quelle année eu lieu la bataille de Waterloo ? 1815
53%
Qui a chanté Back To Black ? Amy Winehouse
53%
Qui a prononcé la citation "L'enfer c'est les autres" ? Jean-Paul Sartre
51%
Quelle est la première personne a avoir fait le tour du monde ? Magellan
51%
Qui est l'auteur de One piece ? Eiichirō Oda
42%
Quel surnom possédait le célèbre trafiquant Mexicain Joaquín Archivaldo Guzmán Loera ? El Chapo
36%
Quel dessin animé a un générique qui commence par : "Il y a presque 3 mois de vacances d'étés avant que l'école recommence" ? Phinéas et Ferb
26%
Quelle banque Américaine a fait faillite le 15 septembre 2008 ? Lehman Brothers
19%
Qui a défendu Marie-Claire Chevalier lors du procès de Bobigny ? Gisèle Halimi
15%
Quel Samurai noir se trouvait aux cotés d'Oda Nobunaga ? Yasuke
9%
Aucun quiz correspondant
Distribution des résultats
% des personnes avec chaque résultat
Percentile par nombre de réponses
Votre historique - résultats
Vous n’avez pas pris ce quiz